5 Best Premier League Players in Each Position 24/25 - Statistics

General Stats
  • This quiz has been taken 84 times
  • The average score is 29 of 45
Answer Stats
Nation Player % Correct
Centre-Forwards Norway Erling Haaland
100%
Centre-Forwards Sweden Alexander Isak
98%
Wingers Egypt Mohamed Salah
97%
Centre Backs Netherlands Virgil Van Dijk
93%
Centre-Forwards New Zealand Chris Wood
92%
Centre Backs France William Saliba
89%
Centre Midfielders England Declan Rice
87%
Centre Midfielders Argentina Alexis Mac Allister
85%
No 10s Portugal Bruno Fernandes
85%
GK's Argentina Emiliano Martinez
84%
GK's Spain David Raya
82%
Managers Netherlands Arne Slot
79%
Wingers England Bukayo Saka
77%
No 10s England Cole Palmer
77%
Full Back's Hungary Milos Kerkez
77%
Full Back's England Trent Alexander-Arnold
77%
Wingers Cameroon Bryan Mbeumo
75%
Wingers Colombia Luis Diaz
75%
CDM's Ecuador Moises Caicedo
74%
Centre Backs France Ibrahima Konate
70%
Centre-Forwards England Ollie Watkins
70%
GK's Belgium Matz Sels
67%
CDM's Netherlands Ryan Gravenberch
67%
Centre Midfielders Italy Sandro Tonali
67%
Full Back's USA Antonee Robinson
66%
CDM's Ghana Thomas Partey
64%
CDM's Brazil Bruno Guimaraes
62%
Managers Spain Mikel Arteta
61%
Full Back's Algeria Rayan Ait-Nouri
61%
Centre-Forwards France Jean Philippe-Mateta
59%
GK's Brazil Alisson Becker
56%
Centre Backs Serbia Nicola Milenkovic
56%
Managers England Eddie Howe
49%
No 10s Brazil Matheus Cunha
49%
Managers Portugal Nuno Espirito Santo
46%
No 10s England Morgan Gibbs-White
41%
GK's Netherlands Mark Flekken
39%
No 10s England Eberechi Eze
34%
Wingers England Jarrod Bowen
34%
Centre Midfielders England Morgan Rogers
33%
Managers Spain Unai Emery
33%
Full Back's England Miles Lewis-Skelly
25%
Centre Midfielders England Elliot Anderson
23%
CDM's England Adam Wharton
20%
Centre Backs Brazil Gabriel Maghalaes
15%
No matching quizzes found
Score Distribution
Percent of People with Each Score
Percentile by Number Answered
Your Score History
You have not taken this quiz